La filosofía cristiana de la vida : pensamientos sobre las verdades de la religión : tomo segundo /
Saved in:
| Main Author: | |
|---|---|
| Format: | Book |
| Language: | Español |
| Subjects: | |
| Tags: |
No Tags, Be the first to tag this record!
|
MARC
| LEADER | 00000nam^a2200000^a^4500 | ||
|---|---|---|---|
| 001 | 000374992 | ||
| 005 | 20250526000000.0 | ||
| 009 | 20260310120201.771 | ||
| 037 | |a Acervo Xavier Clavigero | ||
| 041 | |a ESP | ||
| 082 | |a 248. 4 |b PES V. 2 | ||
| 100 | |a Pesch, Tilmann |e (autor) | ||
| 245 | 1 | 3 | |a La filosofía cristiana de la vida : |b pensamientos sobre las verdades de la religión : tomo segundo / |c T. Pesch ; tr. por Victoriano Izquierdo. |
| 264 | |a Barcelona, España : |b Gustavo Gili, |c 1913 | ||
| 300 | |a 434 p. ; |c 19.0 cm. | ||
| 336 | |a texto |b txt |2 rdacontenido | ||
| 337 | |a sin mediación |b n |2 rdamedio | ||
| 338 | |a volumen |b nc |2 rdasoporte | ||
| 500 | |a Traducción de: Christliche Lebensphilosophie | ||
| 561 | |a Ex libris de Instituto de Literatura Puente Grande, Jal. | ||
| 561 | |a Ex libris de Bibl. Iunioratus Dom. Prob. S. Ioseph | ||
| 590 | |a Traducción de la 10a edición en alemán | ||
| 649 | |a XX | ||
| 650 | |a Papas | ||
| 650 | |a Espíritu Santo | ||
| 650 | |a Jesucristo - |x Tentación | ||
| 650 | |a Jesucristo - |x Pasión | ||
| 650 | |a Jesucristo - |x Crucifixión | ||
| 650 | |a Jesucristo - |x Resurrección | ||
| 650 | |a Dios | ||
| 650 | |a Iglesia Católica | ||
| 650 | |a Reino de Dios | ||
| 650 | |a Familia | ||
| 650 | |a Oración (Religión) | ||
| 650 | |a Humildad | ||
| 650 | |a Misericordia | ||
| 650 | |a Virtudes | ||
| 650 | |a Vida Cristiana - |x Tema Principal | ||
| 650 | |a Etica Cristiana | ||
| 650 | |a Catolicismo | ||
| 650 | |a Cristianismo | ||
| 650 | |a Religión | ||
| 910 | |a Fondo General | ||
| 920 | |a Impresos - Libros | ||
| 930 | |a Libros Antiguos y Raros | ||
| 905 | |a 108 | ||
| 901 | |a 030913 |b IT2 |c LRA |u 20250526 | ||
| 902 | |a https://opac.biblio.iteso.mx/vufind/Record/000374992 | ||